Большая охота: роман

Bibliographic Details
Main Author: Мартьянов А. Андрей
Summary:...Вы — добропорядочный и вполне заурядный средневековый рыцарь. Скромная мечта вашей жизни — стать участником грядущего Крестового похода. Вы тащитесь по извилистым дорогам Прованса, размышляя о далекой Палестине и препираясь с компаньоном, и вдруг жизнь начинает вытворять с вами такое... А ведь вас предупреждали: враги повсюду, бдительность должна быть на высоте! Что, спрашивается, делать честному рыцарю, если везде сплошные обманщики да заговорщики? Ваш напарник оказывается королевским лазутчиком, попутчица — шпионкой конкурентов, окружающие стремятся втянуть в авантюры со смертельным исходом. Вдобавок позарез необходимо вернуть похищенный архив канцлера Англии, изловить оборотня и уцелеть самому... Тут уж не до Крестовых походов!..
Language:Russian
Published: СПб., Лениздат, 2006
Series:Вестники времен
Боевая фантастика
Subjects:
Format: Book
KOHA link:https://koha.lib.tpu.ru/cgi-bin/koha/opac-detail.pl?biblionumber=189283

MARC

LEADER 00000nam0a2200000 4500
001 189283
005 20231031175207.0
010 |a 5289023623 
035 |a (RuTPU)RU\TPU\book\205680 
090 |a 189283 
100 |a 20101222d2006 m y0rusy50 ca 
101 0 |a rus 
102 |a RU 
105 |a y z 000ay 
200 1 |a Большая охота  |e роман  |f А. Мартьянов 
210 |a СПб.  |c Лениздат  |d 2006 
215 |a 416 с. 
225 1 |a Вестники времен 
225 1 |a Боевая фантастика 
330 |a ...Вы — добропорядочный и вполне заурядный средневековый рыцарь. Скромная мечта вашей жизни — стать участником грядущего Крестового похода. Вы тащитесь по извилистым дорогам Прованса, размышляя о далекой Палестине и препираясь с компаньоном, и вдруг жизнь начинает вытворять с вами такое... А ведь вас предупреждали: враги повсюду, бдительность должна быть на высоте! Что, спрашивается, делать честному рыцарю, если везде сплошные обманщики да заговорщики? Ваш напарник оказывается королевским лазутчиком, попутчица — шпионкой конкурентов, окружающие стремятся втянуть в авантюры со смертельным исходом. Вдобавок позарез необходимо вернуть похищенный архив канцлера Англии, изловить оборотня и уцелеть самому... Тут уж не до Крестовых походов!.. 
610 1 |a русская литература 
610 1 |a романы 
610 1 |a фантастика 
610 1 |a боевики 
675 |a Р2  |v 3 
700 1 |a Мартьянов  |b А.  |g Андрей 
801 1 |a RU  |b 63413507  |c 20101222 
801 2 |a RU  |b 63413507  |c 20101229  |g RCR 
942 |c BK